| 000 | 00756nam a2200253 a 4500 | ||
|---|---|---|---|
| 999 |
_c12864 _d12863 |
||
| 005 | 20180403152631.0 | ||
| 008 | 960221s1955 dcuabcdjdbkoqu001 0deng d | ||
| 100 | _aPatel, Jagadish K | ||
| 245 | _aHandbook of the normal distribution | ||
| 260 |
_aNew York _bMarcel Dekker _c1982 |
||
| 300 | _a. | ||
| 653 | _aStatistical mathematics | ||
| 700 | _aRead, Campbell. | ||
| 942 | _cBK | ||
| 003 | ViArRB | ||